Statistics for Países com mais Turistas

Click here to take the quiz!

General Stats

  • This quiz has been taken 3,869 times
    (2,216 since last reset)
  • The average score is 17 of 24

Answer Stats

# Visitas (em milhares) País % Correct
75.6Estados Unidos
99%
82.6França
98%
59.3China
95%
75.6Espanha
93%
52.4Itália
93%
24.0Japão
93%
24.6Rússia
91%
35.6Alemanha
91%
35.0México
90%
20.0Canadá
90%
35.8Reino Unido
88%
14.6Índia
84%
24.8Grécia
77%
17.2Coreia do Sul
67%
15.8Países Baixos
67%
32.6Tailândia
64%
≈ 30.0Turquia
61%
28.1Áustria
57%
17.5Polônia
56%
18.0Arábia Saudita
43%
14.9Emirados Árabes Unidos
41%
13.8Croácia
41%
15.3Hungria
36%
26.8Malásia
34%

Score Distribution

Percentile by Number Answered

Percent of People with Each Score

Your Score History

You have not taken this quiz since the last reset